000 nam a22 a 4500
999 _c447092
_d447092
003 BLK
005 20220304114005.0
008 220302b bu |||||r|||| 00| | bu d
040 _aBLK
041 _aBUL
_cBUL
080 _aКомунистически партии. Вж и 327.323
_b329.15
_x(497.215)БКП(062)
_z329.15 (497.215)БКП(062)
139 _aКонгрес на БКП, XI
_bК 81
245 _aКонгрес на БКП, XI
_h[Малотир. изд.]
260 _9441842
_aРусе
_bб. и.
_c1976
300 _a15 с.
_bс табл.
_c16 см
380 _a3
653 7 _9182091
_aБКП
653 7 _9188999
_aконгреси
852 _bК
_cК 329/К 81
942 _cKNG
_n0
_s1
944 _aCR
_c2022-03-04
_kК.Д.
999 _d447092